000 00677nam a2200241 i 4500
001 000022322
003 DO-SdBNP
005 20231228092311.0
007 ta
008 100927s1972 dr 000 0 spa d
040 _aDO-SdBNP
_bspa
_cBNPHU
_erda
082 _bC794e
_222
100 _aCordero, Armando
_936629
245 1 0 _aEnsayos de valoración histórica /
_cArmando Cordero.
264 1 _aSanto Domingo :
_bArte y Cine,
_c1972.
300 _a100 páginas
_c19 cm.
336 _2rdacontent
_atexto
_btxt
337 _2rdamedia
_asin mediación
_bn
338 _2rdacarrier
_avolumen
_bnc
590 _aInventariado, 2023/ YL
910 _aYLockward
942 _2ddc
_cLBS1
999 _c21820
_d21820